000 00405nam a2200193Ia 4500
003 0100
008 130303s9999 xx 000 0 und d
040 _cARRUPELIB
050 _aPN145 .E63
100 _aEngle, Paul
245 _aOn creative writing
260 _aNew York
260 _bDutton
260 _C1964
300 _axii
300 _b244p.22cm.
700 _aPaul Engle
942 0 0 _01
999 _c16916
_d16916